|
|
|
|
| LEADER |
00000nab a2200000 a 4500 |
| 001 |
vtls000013762 |
| 003 |
SK-MaSNL |
| 005 |
20260304070229.0 |
| 008 |
250423c1978 xo 0 slo |
| 015 |
|
|
|a SNBRB19rr/mm-uuuuu
|
| 035 |
|
|
|a CL0023856
|
| 035 |
|
|
|a urn:nbn:sk:snk-abb75l
|
| 035 |
|
|
|a (urnnbn)urn:nbn:sk:snk:ar-005748
|
| 035 |
|
|
|a (uuid)460053fe-48e0-495e-87a0-16616136528c
|
| 040 |
|
|
|a SNKBUCL
|b slo
|c SNKBUCL
|e AACR2
|
| 041 |
0 |
|
|a cze
|
| 044 |
|
|
|a xo
|c SK
|
| 080 |
|
|
|a 339.923:061.1(4-11)
|2 1981
|
| 080 |
|
|
|a 061.1(4-11)
|2 1981
|
| 080 |
|
|
|a 002.6
|2 1981
|
| 100 |
1 |
|
|a Volný, Jaroslav,
|d 1923-
|4 aut
|9 166581
|
| 245 |
1 |
0 |
|a Socialistická integrace v informatice
|c Jaroslav Volný
|
| 650 |
0 |
7 |
|a Rada vzájomnej hospodárskej pomoci
|2 snkbucl
|9 920973
|
| 650 |
0 |
7 |
|a sústavy informačné
|2 snkbucl
|9 925915
|
| 650 |
0 |
7 |
|a integrácia socialistická
|2 snkbucl
|9 926547
|
| 655 |
|
7 |
|a články z novín a časopisov
|2 snkbucl
|9 267496
|
| 773 |
0 |
|
|t Technická práca
|g Roč. 30, č. 11 (1978), s. 37-38
|
| 850 |
|
|
|a Slovenská národná knižnica
|
| 852 |
|
|
|a Slovenská národná knižnica
|
| 958 |
|
|
|a article15
|
| 958 |
|
|
|a OND
|
| 958 |
|
|
|a RK
|
| 958 |
|
|
|a EUIPO
|
| 992 |
|
|
|a RBX
|
| 999 |
|
|
|c 2754708
|d 2756638
|